00848nam a2200253 a 450000100060000000300080000600500170001400800410003103500130007203500140008504000270009904100080012608200210013410000320015524500420018725000220022926000300025130000680028150000340034951000760038360000320045965000470049165000560053818252BD-RjUL20211209000246.0140220s1960 enkacb 000 0deng d a58-05000 a(BD-RjUL) aWSUdm.cbengcBD-RjUL aeng a821.9bGRG 19611 aGraves, Robert,d1895-1985.10aGoodbye to all that /cRobert Graves. aNew ed., revised. aLondon :bCassell,c1961. avii, 306 p., [4] leaves of plates :bill., port., map ;c22 cm. aWith a prologue and epilogue.4 aHigginson, Fred H. Bibliography of the writings of Robert Graves,cA32h10aGraves, Robert,d1895-1985. 0aAuthors, Englishy20th centuryvBiography. 0aWorld War, 1914-1918vPersonal narratives, British.